{"text_format":"3","workbook":"xls","n_sheets":1,"sheets":["PRBillItem (2)"],"not_rendered":{"external_links":1,"defined_names":1},"read":"whole","date_system":"1900","formulas":"cached_only"}

{"sheet":"PRBillItem (2)","index":0,"n_rows":37,"n_cols":12,"rows_kept":37,"merged":[[3,11,30,11],[32,11,35,11]],"flags":["formulas_cached_only"]}
["物料编号","物料名称","规格型号","单位","申请数量","需采购数量","备注","主机名称及型号","使用单位","参考单价（元）","最高限价（元）","备注"]
["1140708190","本安型矿用数字式压力计","YHY60(D)","件",100,100,"“或相当于”尤洛卡（山东）矿业科技有限公司（主机厂家）","单体支柱","王矿",{"v":950,"d":"950.00"},{"v":95000,"d":"95000.00"},"需适配原厂尤洛卡（山东）矿业科技有限公司配件，品牌为尤洛卡（山东）矿业科技有限公司，以保障设备运行稳定性"]
[{"$nulls":10},{"v":95000,"d":"95000.00"}]
["1140703660","电液控换向阀","TMFHZY（14）ZZA","件",5,5,"郑州煤机综机设备有限公司（主机厂家）","ZFY12000/21/36D郑州煤机综机设备有限公司","王矿",{"v":28375,"d":"28375.00"},{"v":141875,"d":"141875.00"}]
["1140703661","电液控换向阀","TMFHZY(12)Z","件",5,5,"郑州煤机综机设备有限公司（主机厂家）","ZFY12000/21/36D郑州煤机综机设备有限公司","王矿",{"v":24375,"d":"24375.00"},{"v":121875,"d":"121875.00"}]
["1140703663","安全阀","FAD250/50(DN10)X","件",11,11,"郑州煤机综机设备有限公司（主机厂家）","ZFY12000/21/36D郑州煤机综机设备有限公司","王矿",{"v":124,"d":"124.00"},{"v":1364,"d":"1364.00"}]
["1140703632","安全阀","FAW250/50(DN12/DN10)X","件",4,4,"郑州煤机综机设备有限公司（主机厂家）","ZFY12000/21/36D郑州煤机综机设备有限公司","王矿",{"v":146,"d":"146.00"},{"v":584,"d":"584.00"}]
["1140703664","单控喷水阀","Z10-FPD(DN10)A2X","件",5,5,"郑州煤机综机设备有限公司（主机厂家）","ZFY12000/21/36D郑州煤机综机设备有限公司","王矿",{"v":264,"d":"264.00"},{"v":1320,"d":"1320.00"}]
["1140703665","喷雾过滤器","GLPB10X(G)","件",10,10,"郑州煤机综机设备有限公司（主机厂家）","ZFY12000/21/36D郑州煤机综机设备有限公司","王矿",{"v":85.8,"d":"85.80"},{"v":858,"d":"858.00"}]
["1140704544","自动反冲洗过滤器","TMGLQ(1000/31.5/25)ZB.BS","件",5,5,"郑州煤机综机设备有限公司（主机厂家）","ZFY12000/21/36D郑州煤机综机设备有限公司","王矿",{"v":6625,"d":"6625.00"},{"v":33125,"d":"33125.00"}]
["1140703666","回液断路阀","HDF1(DN32)X","件",5,5,"郑州煤机综机设备有限公司（主机厂家）","ZFY12000/21/36D郑州煤机综机设备有限公司","王矿",{"v":224,"d":"224.00"},{"v":1120,"d":"1120.00"}]
["1140703667","自锁球形截止阀","DN32   400L/min","件",10,10,"郑州煤机综机设备有限公司（主机厂家）","ZFY12000/21/36D郑州煤机综机设备有限公司","王矿",153.68,{"v":1536.8000000000002,"d":"1536.80"}]
["1140703644","进回液组件","ZT00JH-40A","件",5,5,"ZT00JH-40郑州煤机综机设备有限公司（主机厂家）","ZFY12000/21/36D郑州煤机综机设备有限公司","王矿",{"v":2400,"d":"2400.00"},{"v":12000,"d":"12000.00"}]
["1140703610","F型插接头","DN25/DN19/DN25G","件",10,10,"郑州煤机综机设备有限公司（主机厂家）","ZFY12000/21/36D郑州煤机综机设备有限公司","王矿",51.98,{"v":519.8,"d":"519.80"}]
["1140703611","F型插接头","DN32/DN19/DN32G","件",5,5,"郑州煤机综机设备有限公司（主机厂家）","ZFY12000/21/36D郑州煤机综机设备有限公司","王矿",62.16,{"v":310.79999999999995,"d":"310.80"}]
["1140703612","多通块","Z10-ZT00E-26/1（2*DN13+6*DN10）","件",2,2,"郑州煤机综机设备有限公司（主机厂家）","ZFY12000/21/36D郑州煤机综机设备有限公司","王矿",{"v":376,"d":"376.00"},{"v":752,"d":"752.00"}]
["1140703613","多通块","H11Z132-00B08（2*DN19+4*DN10）","件",2,2,"郑州煤机综机设备有限公司（主机厂家）","ZFY12000/21/36D郑州煤机综机设备有限公司","王矿",{"v":376,"d":"376.00"},{"v":752,"d":"752.00"}]
["1140703622","阴阳直接头","DN32（公）/DN25","件",5,5,"郑州煤机综机设备有限公司（主机厂家）","ZFY12000/21/36D郑州煤机综机设备有限公司","王矿",21.48,{"v":107.4,"d":"107.40"}]
["1140705505","U型卡","DN32","件",100,100,"郑州煤机综机设备有限公司（主机厂家）","ZFY12000/21/36D郑州煤机综机设备有限公司","王矿",1.36,{"v":136,"d":"136.00"}]
["1140703668","螺纹接头","M22   L＝100(DN10)","件",5,5,"郑州煤机综机设备有限公司（主机厂家）","ZFY12000/21/36D郑州煤机综机设备有限公司","王矿",23.74,{"v":118.69999999999999,"d":"118.70"}]
["1140703669","螺纹接头","M24   L＝100(DN10)","件",5,5,"郑州煤机综机设备有限公司（主机厂家）","ZFY12000/21/36D郑州煤机综机设备有限公司","王矿",24.86,{"v":124.3,"d":"124.30"}]
["1140703670","调架千斤顶","Φ160/105*180ZT-JJ160FB-14","件",5,5,"郑州煤机综机设备有限公司（主机厂家）","ZFY12000/21/36D郑州煤机综机设备有限公司","王矿",{"v":2575,"d":"2575.00"},{"v":12875,"d":"12875.00"}]
["1140703063","销轴","φ60*354","件",10,10,"60*354   ZT00-17/13郑州煤机综机设备有限公司（主机厂家）","ZFY12000/21/36D郑州煤机综机设备有限公司","王矿",{"v":171.6,"d":"171.60"},{"v":1716,"d":"1716.00"}]
["1140703671","销轴","60*245*75*100ZT10-16/21","件",10,10,"郑州煤机综机设备有限公司（主机厂家）","ZFY12000/21/36D郑州煤机综机设备有限公司","王矿",107.25,{"v":1072.5,"d":"1072.50"}]
["1140703672","销轴","45*175    ZT0051-1","件",10,10,"郑州煤机综机设备有限公司（主机厂家）","ZFY12000/21/36D郑州煤机综机设备有限公司","王矿",{"v":51.3,"d":"51.30"},{"v":513,"d":"513.00"}]
["1140703673","六角槽型螺母","M56      ZT10-13/5","件",10,10,"郑州煤机综机设备有限公司（主机厂家）","ZFY12000/21/36D郑州煤机综机设备有限公司","王矿",{"v":37.3,"d":"37.30"},{"v":373,"d":"373.00"}]
["1140703674","后溜连接头","ZT00-100-16","件",10,10,"郑州煤机综机设备有限公司（主机厂家）","ZFY12000/21/36D郑州煤机综机设备有限公司","王矿",{"v":396,"d":"396.00"},{"v":3960,"d":"3960.00"}]
["1140703120","推移单向锁","FDYT480/50(DN10/20/20)A3X","件",5,5,"Z20-FDYT480/50(DN10/20/20)A3X郑州煤机综机设备有限公司（主机厂家）","ZFG13000/24/36D郑州煤机综机设备有限公司","王矿",{"v":5852,"d":"5852.00"},{"v":29260,"d":"29260.00"}]
["1140703675","电液控换向阀","TMFHZY(22)ZK","件",6,6,"郑州煤机综机设备有限公司（主机厂家）","ZFG13000/24/36D郑州煤机综机设备有限公司","王矿",{"v":44750,"d":"44750.00"},{"v":268500,"d":"268500.00"}]
["1140703634","安全阀","FAD250/50(DN12)X","件",8,8,"郑州煤机综机设备有限公司（主机厂家）","ZFY12000/21/36D郑州煤机综机设备有限公司","王矿",{"v":124,"d":"124.00"},{"v":992,"d":"992.00"}]
["1140703662","液控单向阀","Z1-FDYM-480/50I(DN12/20/10)","件",7,7,"郑州煤机综机设备有限公司（主机厂家）","ZFY12000/21/36D郑州煤机综机设备有限公司","王矿",{"v":650,"d":"650.00"},{"v":4550,"d":"4550.00"}]
[{"$nulls":10},{"v":642290.3,"d":"642290.30"}]
["1140703676","矿用本安型隔离耦合器","TMDDLJXQ(KLT-12)","件",3,3,"北京天玛智控科技股份有限公司（主机厂家）","液压支架电液控北京天玛智控科技股份有限公司","王矿",{"v":1646,"d":"1646.00"},{"v":4938,"d":"4938.00"},"需适配液压支架电液控生产设备的原厂北京天玛智控科技股份有限公司配件，品牌为北京天玛智控科技股份有限公司，以保障设备运行稳定性"]
["1140703677","矿用本安型信号转换器","TMDDLJXQ(KZC-12)","件",8,8,"北京天玛智控科技股份有限公司（主机厂家）","液压支架电液控北京天玛智控科技股份有限公司","王矿",{"v":454,"d":"454.00"},{"v":3632,"d":"3632.00"}]
["1140703678","钢丝编织橡胶护套连接器","TMDDL（LCYB-8/conm8c850）","件",15,15,"北京天玛智控科技股份有限公司（主机厂家）","液压支架电液控北京天玛智控科技股份有限公司","王矿",{"v":1658,"d":"1658.00"},{"v":24870,"d":"24870.00"}]
["1140703679","4d型双绞屏蔽连接器","conm/4d35","件",22,22,"北京天玛智控科技股份有限公司（主机厂家）","液压支架电液控北京天玛智控科技股份有限公司","王矿",{"v":272,"d":"272.00"},{"v":5984,"d":"5984.00"}]
[{"$nulls":10},{"v":39424,"d":"39424.00"}]